[Event "Morava-ch U14"]
[Site "Loucna nad Desnou"]
[Date "2017.10.29"]
[Round "9"]
[White "Kovar, Matej"]
[Black "Lukas, Vojtech"]
[Result "1-0"]
[WhiteElo "1447"]
[BlackElo "1254"]
[PlyCount "61"]
[EventDate "2017.10.24"]
[EventType "swiss"]
[EventRounds "9"]
[EventCountry "CZE"]
[SourceTitle "EXT 2020"]
[Source "ChessBase"]
[SourceDate "2019.10.17"]
[SourceVersion "1"]
[SourceVersionDate "2019.10.17"]
[SourceQuality "1"]

1. e4 c5 2. Nf3 d6 3. d4 cxd4 4. Nxd4 Nf6 5. Nc3 g6 6. Be3 Bg7 7. f3 0-0 8. Qd2 Nc6 9. Bc4 a6 10. 0-0-0 Qc7 11. Bb3 b5 12. h4 Bd7 13. h5 Nxh5 14. Nd5 Qb7 15. g4 Nf6 16. Nxf6+ Bxf6 17. Qh2 h5 18. gxh5 g5 19. Rhg1 Kh7 20. h6 Rg8 21. Nxc6 Qxc6 22. Bxf7 Rac8 23. Bxg8+ Kxg8 24. Qd2 Kh7 25. Bxg5 Bxg5 26. Rxg5 Be6 27. Kb1 Qc4 28. b3 Qc6 29. Rg7+ Kh8 30. Rxe7 Bg8 31. Qd4# 1-0

[Event "Morava-ch U14"]
[Site "Loucna nad Desnou"]
[Date "2017.10.27"]
[Round "6"]
[White "Hruska, Marek"]
[Black "Lukas, Vojtech"]
[Result "1/2-1/2"]
[WhiteElo "1509"]
[BlackElo "1254"]
[PlyCount "41"]
[EventDate "2017.10.24"]
[EventType "swiss"]
[EventRounds "9"]
[EventCountry "CZE"]
[SourceTitle "EXT 2020"]
[Source "ChessBase"]
[SourceDate "2019.10.17"]
[SourceVersion "1"]
[SourceVersionDate "2019.10.17"]
[SourceQuality "1"]

1. e4 c5 2. Nf3 d6 3. c4 Nc6 4. d4 cxd4 5. Nxd4 Nf6 6. Nc3 g6 7. Be3 Bg7 8. Be2 0-0 9. Qd2 Ng4 10. Bxg4 Bxg4 11. f4 Bd7 12. h3 Rc8 13. b3 e6 14. 0-0-0 a6 15. Kc2 b5 16. cxb5 axb5 17. Kb1 Nxd4 18. Bxd4 e5 19. fxe5 dxe5 20. Be3 Bc6 21. Nd5 1/2-1/2

[Event "Morava-ch U14"]
[Site "Loucna nad Desnou"]
[Date "2017.10.26"]
[Round "5"]
[White "Lukas, Vojtech"]
[Black "Habinova, Alice"]
[Result "1/2-1/2"]
[WhiteElo "1254"]
[BlackElo "1391"]
[PlyCount "102"]
[EventDate "2017.10.24"]
[EventType "swiss"]
[EventRounds "9"]
[EventCountry "CZE"]
[SourceTitle "EXT 2020"]
[Source "ChessBase"]
[SourceDate "2019.10.17"]
[SourceVersion "1"]
[SourceVersionDate "2019.10.17"]
[SourceQuality "1"]

1. d4 d5 2. Nc3 Nf6 3. Bf4 Bf5 4. e3 c6 5. Nf3 e6 6. Bd3 Bg6 7. a3 Bd6 8. Ne5 Qc7 9. Qd2 Nbd7 10. Nxg6 fxg6 11. Bxd6 Qxd6 12. 0-0-0 b5 13. e4 b4 14. e5 bxc3 15. Qxc3 Qc7 16. exf6 Nxf6 17. Rde1 Qd6 18. h3 0-0 19. g4 Rfc8 20. f3 c5 21. dxc5 Rxc5 22. Rxe6 Qxe6 23. Qxc5 Qe5 24. Qf2 Qf4+ 25. Qd2 Qxf3 26. Rh2 Re8 27. Qf2 Qxf2 28. Rxf2 Re3 29. g5 Nh5 30. Re2 Rxe2 31. Bxe2 Nf4 32. Bg4 h5 33. Bc8 Kf8 34. Kd2 Ke7 35. h4 Kd6 36. Ke3 Ng2+ 37. Kf3 Nxh4+ 38. Kg3 Nf5+ 39. Bxf5 gxf5 40. b4 Kc6 41. a4 Kb6 42. Kf4 g6 43. Ke5 h4 44. Kf4 a5 45. b5 Kc5 46. Kf3 Kb6 47. Kf4 Kc5 48. Kf3 Kd6 49. Kf4 Ke6 50. c3 Kd6 51. Kf3 Ke6 1/2-1/2